000 00809cam a2200217 4500
001 WB3715-27
008 000000n2001 000 0 eng u
035 _a(Sirsi) u111973
245 _aIn search of the ideal community
260 _c2001
490 _aFinancial Times
_v2001 6 April 2001, 33(1)
520 _aProperty developers are using the concept of Victorian design in the regeneration of towns and inner cities. Developers and regional planners are now aiming for high quality, mixed-used projects. Discusses a new project for a millennium village in east Manchester.
590 _aWB
650 _aMIXED-USE SCHEMES
650 _aEAST MANCHESTER
650 _aVICTORIAN BUILDING
650 _aPROPERTY DEVELOPERS
650 _aREGIONAL PLANNING
690 _aREGENERATION
942 _n0
999 _c66713
_d66713